[Event "Zabrze Mayor's Cup 34th"]
[Site "Zabrze"]
[Date "2011.09.30"]
[Round "10"]
[White "Czornik, Adam"]
[Black "Drela, Michal"]
[Result "0-1"]
[WhiteElo "1758"]
[BlackElo "1459"]
[PlyCount "87"]
[EventDate "2011.09.23"]
[EventType "swiss"]
[EventRounds "10"]
[EventCountry "POL"]
[SourceTitle "CBM 144 Extra"]
[Source "ChessBase"]
[SourceDate "2011.10.28"]
[SourceVersion "1"]
[SourceVersionDate "2011.10.28"]
[SourceQuality "1"]

1. e4 c5 2. Nf3 Nc6 3. d4 cxd4 4. Nxd4 Nf6 5. Nc3 g6 6. Be3 Bg7 7. f3 0-0 8. Qd2 d6 9. 0-0-0 Qc7 10. Bh6 Nxd4 11. Bxg7 Nxf3 12. Qh6 Ng4 13. Nd5 Qd8 14. Qf4 Kxg7 15. Qxf3 Ne5 16. Qc3 Bg4 17. Rd2 Rc8 18. Qd4 Be6 19. h4 Bxd5 20. exd5 Qa5 21. Kb1 Qc5 22. Qe4 h5 23. Be2 f5 24. Qf4 Ng4 25. Rh3 Qf2 26. Bf3 Qe1+ 27. Bd1 Qe5 28. Qg5 Qf6 29. Qf4 Rc7 30. Re2 Ne5 31. b3 Rfc8 32. Rg3 Rc3 33. Rg5 R3c5 34. Rd2 Ng4 35. c4 b5 36. Be2 bxc4 37. Bxc4 Qe5 38. Qf3 Qe4+ 39. Qxe4 fxe4 40. Rd4 Nf6 41. Kc2 e5 42. dxe6 d5 43. e7 dxc4 44. Rxc4 0-1

[Event "Chorzow op"]
[Site "Chorzow"]
[Date "2010.03.26"]
[Round "7"]
[White "Czornik, Adam"]
[Black "Solek, Zenon"]
[Result "0-1"]
[WhiteElo "1766"]
[BlackElo "1895"]
[PlyCount "48"]
[EventDate "2010.03.20"]
[EventType "swiss"]
[EventRounds "9"]
[EventCountry "POL"]
[SourceTitle "EXT 2012"]
[Source "ChessBase"]
[SourceDate "2011.11.24"]
[SourceVersion "1"]
[SourceVersionDate "2011.11.24"]
[SourceQuality "1"]

1. e4 c5 2. Nf3 e6 3. d4 cxd4 4. Nxd4 a6 5. Nc3 Qc7 6. Be2 b5 7. a3 Bb7 8. Be3 Nf6 9. f3 d5 10. exd5 Nxd5 11. Nxd5 Bxd5 12. Qd2 Bd6 13. Nf5 Be5 14. 0-0-0 0-0 15. Bd4 Nc6 16. Bxe5 Qxe5 17. Ne3 Rfd8 18. Bd3 Bc4 19. Ng4 Qh5 20. Qe3 Bxd3 21. Rxd3 Rxd3 22. cxd3 Qd5 23. Qe4 Qd6 24. Kd2 f5 0-1

[Event "Chorzow op"]
[Site "Chorzow"]
[Date "2010.03.21"]
[Round "2"]
[White "Michalski, Edmund"]
[Black "Czornik, Adam"]
[Result "1-0"]
[WhiteElo "1906"]
[BlackElo "1766"]
[PlyCount "31"]
[EventDate "2010.03.20"]
[EventType "swiss"]
[EventRounds "9"]
[EventCountry "POL"]
[SourceTitle "EXT 2012"]
[Source "ChessBase"]
[SourceDate "2011.11.24"]
[SourceVersion "1"]
[SourceVersionDate "2011.11.24"]
[SourceQuality "1"]

1. d4 Nf6 2. Nf3 g6 3. c4 Bg7 4. Nc3 d5 5. e3 0-0 6. Be2 c5 7. 0-0 cxd4 8. Nxd4 dxc4 9. Bxc4 Nbd7 10. Qe2 Nb6 11. Bb3 Nfd5 12. Nxd5 Nxd5 13. Rd1 e6 14. e4 Nf4 15. Bxf4 Bxd4 16. Be5 1-0

[Event "Chorzow op 45th"]
[Site "Chorzow"]
[Date "2009.04.01"]
[Round "5"]
[White "Jablonski, Lechoslaw"]
[Black "Czornik, Adam"]
[Result "0-1"]
[WhiteElo "1654"]
[BlackElo "1770"]
[PlyCount "60"]
[EventDate "2009.03.28"]
[EventType "swiss"]
[EventRounds "9"]
[EventCountry "POL"]
[SourceTitle "CBM 129 Extra"]
[Source "ChessBase"]
[SourceDate "2009.05.05"]
[SourceVersion "2"]
[SourceVersionDate "2009.05.20"]
[SourceQuality "1"]

1. e4 e6 2. d4 d5 3. Nd2 c5 4. Ngf3 Nf6 5. e5 Nfd7 6. c3 Qb6 7. Bd3 Nc6 8. Qa4 c4 9. Bb1 f6 10. exf6 Nxf6 11. 0-0 Bd7 12. Qd1 0-0-0 13. Re1 Bd6 14. b4 Qc7 15. a4 e5 16. Nf1 Bg4 17. h3 Bh5 18. Bf5+ Kb8 19. b5 Ne7 20. g4 Nxf5 21. gxh5 e4 22. Ng5 Qd7 23. a5 h6 24. Nf3 exf3 25. Qxf3 Nh4 26. Qh1 Ne4 27. a6 b6 28. Rxe4 dxe4 29. Ng3 Nf3+ 30. Kg2 Rde8 0-1

[Event "Zabrze Spring op"]
[Site "Zabrze"]
[Date "2007.05.27"]
[Round "8"]
[White "Czornik, Adam"]
[Black "Sowa, Bernard"]
[Result "0-1"]
[WhiteElo "1737"]
[BlackElo "1917"]
[PlyCount "66"]
[EventDate "2007.05.22"]
[EventType "swiss"]
[EventRounds "10"]
[EventCountry "POL"]
[SourceTitle "EXT 2011"]
[Source "ChessBase"]
[SourceDate "2010.11.26"]
[SourceVersion "1"]
[SourceVersionDate "2010.11.26"]
[SourceQuality "1"]

1. e4 c6 2. d4 d5 3. e5 Bf5 4. h4 h5 5. Be2 g6 6. g4 hxg4 7. Bxg4 e6 8. Bxf5 gxf5 9. Nf3 c5 10. c3 Nc6 11. Be3 Qb6 12. Qb3 Qxb3 13. axb3 cxd4 14. cxd4 Nh6 15. Nbd2 Ng4 16. Ng5 Nb4 17. Ke2 Nxe3 18. fxe3 Be7 19. Ndf3 Bxg5 20. Nxg5 Ke7 21. Rac1 Rac8 22. Rxc8 Rxc8 23. h5 f6 24. Nf3 Rc2+ 25. Nd2 fxe5 26. h6 Rc8 27. dxe5 Nc6 28. Nf3 Rh8 29. Ng5 Nxe5 30. h7 Ng4 31. Kf3 Kf6 32. Nxe6 Kxe6 33. Kf4 Nf6 0-1